000 00606nam a2200229Ia 4500
001 1455
003 GE_BSU
008 181216s||||||||xx |||||||||||||| ||und||
040 _cGE_BSU
080 _a574(075.8)
100 _aЛархер,В.
245 _aЭкология растений
245 _bПер. с немецкого Д.А Виктороваа
245 _cПод. ред Т.А.Работнова.
260 _aМосква
260 _bМир
260 _c1978
300 _a384 с. 21 см.
541 _h10 л.
653 _aЭкология растений
942 _cBK
999 _c35592
_d35592